Jack Lenor Larsen: A weaver's memoir

Textile designer and weaver Jack Lenor Larsen reflects on his life and career in this illustrated memoir. From the post-war design scene to anecdotes about his collaborators I.M. Pei, Louis Kahn and Edward Larrabee Barnes, this is an account also covers Larsen's accomplishments as a gardener an...

Πλήρης περιγραφή

Αποθηκεύτηκε σε:
Λεπτομέρειες βιβλιογραφικής εγγραφής
Κύριος συγγραφέας: Larsen, Jack Lenor
Μορφή: Βιβλίο
Γλώσσα:Undetermined
Έκδοση: New York Harry N. Abrams 1998
Θέματα:
Ετικέτες: Προσθήκη ετικέτας
Δεν υπάρχουν, Καταχωρήστε ετικέτα πρώτοι!
Thư viện lưu trữ: Trung tâm Học liệu Trường Đại học Cần Thơ
LEADER 01024nam a2200229Ia 4500
001 CTU_164794
008 210402s9999 xx 000 0 und d
020 |c 9.06 
082 |a 745.4492 
082 |b L318 
100 |a Larsen, Jack Lenor 
245 0 |a Jack Lenor Larsen: 
245 2 |b A weaver's memoir 
245 0 |c Jack Lenor Larsen 
260 |a New York 
260 |b Harry N. Abrams 
260 |c 1998 
520 |a Textile designer and weaver Jack Lenor Larsen reflects on his life and career in this illustrated memoir. From the post-war design scene to anecdotes about his collaborators I.M. Pei, Louis Kahn and Edward Larrabee Barnes, this is an account also covers Larsen's accomplishments as a gardener and garden designer, patron of younger artists and an avid collector of crafts from around the world 
650 |a Larsen, Jack Lenor,Men weavers,Tiểu sử người thợ dệt 
650 |z United states 
910 |a Nguyên 
980 |a Trung tâm Học liệu Trường Đại học Cần Thơ